000 00372nam a2200109Ia 4500
008 221009s9999 xx 000 0 und d
082 _a001
100 _aसंजीत कुमार
_949411
245 0 _aमध्‍य प्रदेश सामान्‍य ज्ञान
260 _bअरिहन्‍त पब्लिकेशन्‍स
942 _cBK
999 _c65358
_d65358